Представление документа в формате RUSMARC

ПолеНазваниеЗначение
  Тип записи i
  Библиографический уровень m
001 Контрольный номер RU/IS/BASE/476807222
005 Дата корректировки 20201206204938.1
010 Индекс ISBN __
a ISBN 5-9677-0235-0 (в кор.)
d Цена 135-00
100 Данные общей обработки __
a Данные общей обработки 19150209d2006||||||| 0rusy0189 ca
101 Язык документа 0_
a Язык текста rus
102 Страна публикации __
a Страна публикации ru
105 Кодированные данные (монография) __
a Кодированные данные (монография) an|||||||||zy
127 Кодированные данные (звукозаписи-физические характеристики) __
a Продолжительность проигрывания 67 мин
200 Заглавие и сведения об ответственности 1_
a Заглавие Опаленные войной
e Сведения, относящиеся к заглавию аудиоспектакль : [12+]
f Первые сведения об ответственности Зоя Чернышева : [роли исполняют Н. Гребенкина ; режиссер В. Трухан ; композитор Ш. Каллош ; звукорежиссер Г. Засимова ; редактор Н. Шолохова]
b Общее обозначение материала Звукозапись
210 Выходные данные __
a Место издания Москва
c Издательство 1С-Паблишинг
d Дата издания 2006
215 Физическое описание __
a Объем 1 электрон. опт. диск (Audio CD)
c Иллюстрации/тип воспроизводства mp3, stereo
d Формат 12х14 см
225 Серия __
a Серия 1С: Аудиокниги
225 Серия __
a Серия Театральный фонограф
230 Специфическая характеристика материала: электронные ресурсы __
a Обозначение и объем ресурса Электронные звуковые данные
323 Примечание о главных создателях, исполнителях, участниках __
a Примечание о главных создателях, исполнителях, участниках Гребенкина, Н. (Мария Седова)
323 Примечание о главных создателях, исполнителях, участниках __
a Примечание о главных создателях, исполнителях, участниках Сотникова, Е. (Светлана Белоконь)
323 Примечание о главных создателях, исполнителях, участниках __
a Примечание о главных создателях, исполнителях, участниках Покровская, А. (Юлия)
323 Примечание о главных создателях, исполнителях, участниках __
a Примечание о главных создателях, исполнителях, участниках КУзнецов, А. (Вадим)
327 Примечание о содержании __
a Примечание о содержании Ночь светла
327 Примечание о содержании __
a Примечание о содержании Романс для двух голосов
330 Аннотация __
a Аннотация Аудиоспектакли по пьесам Зои Чернышевой из цикла "Опаленные войной" - о людях, которые сражались на фронтах Великой Отечественной войны, об их чувствах и надеждах. Перед нами предстают настоящие герои - отважные девушки-партизанки, мечтающие в марте 1944-го года о скорейшем окончании войны, и военные корреспонденты - Вадим и Юля, прошедшие войну бок о бок и встретившие первый день мира. Они никогда не забудут то, что им довелось пережить. Не забудут этого и потомки.
333 Примечание о целевом назначении __
a Примечание о целевом назначении 12+. Для детей старше 12 лет
337 Примечание о системных требованиях (электронные ресурсы) __
a Примечание о системных требованиях (электронные ресурсы) Системные требования: Pentium 100 ; RAM 16 Мб ; MS Windows ; монитор SVGA, 800х600 ; звуковая карта, колонки или наушники ; CD-ROM, музыкальный центр, CD/DVD-плеер и т.д.
517 Другие варианты заглавия __
a Другие варианты заглавия Ночь светла
517 Другие варианты заглавия __
a Другие варианты заглавия Романс для двух голосов
606 Тематические рубрики __
a Основная рубрика Художественная литература
606 Тематические рубрики __
a Основная рубрика Современная русская литература (произведения)
610 Ключевые слова __
a Ключевые слова пьесы
a Ключевые слова радиопостановки
a Ключевые слова радиоспектакли
a Ключевые слова тема Великой Отечественной войны
a Ключевые слова тема войны
a Ключевые слова тема героизма
a Ключевые слова тема женщины
a Ключевые слова тема партизан
a Ключевые слова тема подвигов
a Ключевые слова тема потерь
a Ключевые слова тема человеческих судеб
686 Индексы других классификаций __
2 Код системы rubbks
a Классификационный индекс 84(2=411.2)6-6я04; ст84(2Рос=Рус)6-6я0
700 Автор _1
a Фамилия Чернышева
b Имя З. В.
g Полное личное имя Зоя Владимировна
4 Код отношения 070
702 Вторичная интеллектуальная ответственность _1
a Фамилия Трухан
b Имя В.
4 Код отношения Режиссер
4 Код отношения 070
702 Вторичная интеллектуальная ответственность _1
a Фамилия Каллош
b Имя Ш.
4 Код отношения Композитор
4 Код отношения 230
702 Вторичная интеллектуальная ответственность _1
a Фамилия Засимова
b Имя Г.
4 Код отношения Прочие
4 Код отношения 570
702 Вторичная интеллектуальная ответственность _1
a Фамилия Шолохова
b Имя Н.
4 Код отношения Редактор
4 Код отношения 340
801 Источник записи _0
a Страна ru
b Организация Муниципальное бюджетное учреждение культуры "Централизованная библиотечная система" г. Сургут (Центральная городская библиотека им. А. С. Пушкина)
c Дата составления 20150209
g Правила каталогизации КиК/Апакова
801 Источник записи _1
a Страна ru
b Организация Муниципальное бюджетное учреждение культуры "Централизованная библиотечная система" г. Сургут (Центральная городская библиотека им. А. С. Пушкина)
c Дата составления 20150209
g Правила каталогизации КиК/Апакова
852 Данные о местонахождении __
j Шифр хранения 84(2=411.2)6-6я04
i Авторский знак Ч-49
901 Тип документа __
t Тип документа 0
903 Характеристики (МАРС) __
a Дата передачи 20150209
969 Тип издания __
a Тип издания аудиокнига; издание для слепых
990 Данные о заказе (DOS) __
j Количество экземпляров (DOS) 12
t N записи в КСУ для И/У (DOS) 201502